00489nam a22001457a 4500003000500000038001800005082000800023100002800031245009900059264003500158300002400193650003200217700003600249856005800285NUST aNusrat Nadeem a200 aHamza, Khawaja Muhammad aSecrecy Performance of RIS-enhanced Communication under Imperfect CSI/cKhawaja Muhammad Hamza aIslamabad,bSEECS NUST,c2023. aill:b48,p:c30,cm. aMS- Electrical Engineering  aSupervisor: Dr. Syed Ali Hassan u http://10.250.8.41:8080/xmlui/handle/123456789/40346